Sports Quiz

Random Sports or NFL Quiz

Super Bowl Rematches Quiz Stats

 Plays Quiz Updated Jan 28, 2021

     
Support Sporcle.
Go Orange.
Score 0/7 Timer 02:00
2 Plays Today
Super Bowls Teams % Correct
XXXIX, LIIPatriots & Eagles
80.6%
XLII, XLVIGiants & Patriots
79.7%
X, XIII, XXXSteelers & Cowboys
76.9%
XXXVI, LIIIPatriots & Rams
72.5%
XXVII, XXVIIIBills & Cowboys
69.8%
XVI, XXIII49ers & Bengals
47.2%
VII, XVIIDolphins & Redskins
41.8%

From the Vault

Next 5 Words: Rent

by MovieGuru

'In inches, in miles, in laughter, in strife. In 525,600 minutes - how do you measure...'
Remove Ads.
Support Sporcle.
Get the best of Sporcle when you Go Orange. This ad-free experience offers more features, more stats, and more fun while also helping to support Sporcle. Thank you for becoming a member.

Show Comments

Extras

Top Quizzes Today


Score Distribution

Your Account Isn't Verified!

In order to create a playlist on Sporcle, you need to verify the email address you used during registration. Go to your Sporcle Settings to finish the process.

Report this User

Report this user for behavior that violates our Community Guidelines.

Details: